Entry Personal Name
Number of records used in: 1
001 - CONTROL NUMBER
003 - CONTROL NUMBER IDENTIFIER
005 - DATE AND TIME OF LATEST TRANSACTION
- control field:
20191224115517.0
008 - FIXED-LENGTH DATA ELEMENTS
- fixed length control field:
800609n| acannaab| |a aaa |||
010 ## - LIBRARY OF CONGRESS CONTROL NUMBER
- LC control number:
n 79109949
040 ## - CATALOGING SOURCE
- Original cataloging agency:
DLC
- Transcribing agency:
DLC
- Modifying agency:
DLC
100 10 - HEADING--PERSONAL NAME
- Personal name:
Musgrave, Peggy B.
400 10 - SEE FROM TRACING--PERSONAL NAME
- Personal name:
Richman, Peggy Brewer
670 ## - SOURCE DATA FOUND
- Source citation:
Her Taxation of foreign investment income, 1963.